CD Leganés Squad 2017-2018 - Statistics

General Stats
  • This quiz has been taken 16 times
  • The average score is 17 of 28
Answer Stats
# Position Nation Player % Correct
1 GK Spain Iván Cuéllar
90%
5 DF Argentina Martín Mantovani
90%
7 FW Morocco Nordin Amrabat
90%
11 FW Argentina Alexander Szymanowski
80%
22 DF Greece Dimitrios Siovas
80%
8 MF Brazil Gabriel
80%
10 FW Morocco Nabil El Zhar
80%
21 MF Spain Rubén Pérez
80%
- Coach Spain Asier Garitano
70%
24 MF Serbia Darko Brašanac
70%
9 FW Spain Miguel Ángel Guerrero
70%
13 GK Argentina Nereo Champagne
70%
12 FW Guadeloupe Claudio Beauvue
60%
19 DF Argentina Ezequiel Muñoz
60%
17 MF Spain Javier Eraso
60%
25 GK Spain Jon Ander Serantes
60%
16 DF Argentina Mauro dos Santos
60%
2 DF Spain Tito
60%
3 DF Spain Unai Bustinza
60%
15 DF Spain Diego Rico
50%
14 DF Spain Raúl Carnero
50%
20 DF Spain Joseba Zaldua
40%
23 FW Spain Omar Ramos
40%
6 MF Spain Gerard Gumbau
30%
7 FW Ivory Coast Mamadou Koné
30%
4 MF Saudi Arabia Yahya Al-Shehri
30%
4 MF Spain Erik Morán
20%
18 FW Spain José Naranjo
20%
No matching quizzes found
Score Distribution
Percent of People with Each Score
Percentile by Number Answered
Your Score History
You have not taken this quiz